Comunidad y cambio social : teoría y praxis de la acción comunitaria /

Obra colectiva que aborda el desarrollo comunitario en las sociedades contemporáneas. Algunos de los temas que aquí se abordan analizan los cambios sociales y las políticas de bienestar, el papel de los ayuntamientos en el desarrollo económico y social, la salud pública y enfermería comunitaria. Tam...

Полное описание

Сохранить в:
Библиографические подробности
Главный автор: Marchioni, Marco (coordinación)
Формат:
Язык:испанский
Опубликовано: Madrid, España : Editorial Popular, 2001, c2001
Серии:(Promoción Cultural ; 41)
Предметы:
Метки: Добавить метку
Нет меток, Требуется 1-ая метка записи!

MARC

LEADER 00000nam^a2200000^a^4500
001 000181745
005 20250521000000.0
009 20260310101942.787
020 |a 84-7884-234-9 
037 |a Acervo ITESO - Biblioteca 
041 |a ESP 
082 |a 361. 8  |b MAR 
100 |a Marchioni, Marco  |e (coordinación) 
245 1 0 |a Comunidad y cambio social :  |b teoría y praxis de la acción comunitaria /  |c Coord. de M. Marchioni. 
264 4 |a Madrid, España :  |b Editorial Popular,  |c 2001, c2001 
300 |a 281 p. 
336 |a texto  |b txt  |2 rdacontenido 
337 |a sin mediación  |b n  |2 rdamedio 
338 |a volumen  |b nc  |2 rdasoporte 
440 1 |a (Promoción Cultural ;  |v 41) 
520 |a Obra colectiva que aborda el desarrollo comunitario en las sociedades contemporáneas. Algunos de los temas que aquí se abordan analizan los cambios sociales y las políticas de bienestar, el papel de los ayuntamientos en el desarrollo económico y social, la salud pública y enfermería comunitaria. También se estudia la participación de la mujer en el desarrollo, la economía social como alternativa posible, la sociedad laboral sin trabajo y la situación olvidada de la juventud invisible. 
649 |a XX 
650 |a Jóvenes -  |x Condiciones Laborales 
650 |a Mujeres -  |x Condiciones Laborales 
650 |a Asociaciones Civiles 
650 |a Sociedad Civil 
650 |a Fracaso Escolar 
650 |a Pobreza 
650 |a Discriminación de Género 
650 |a Empleo y Desempleo 
650 |a Inserción y Reinserción Laboral 
650 |a Igualdad y Desigualdad 
650 |a Distribución Económica 
650 |a Violencia 
650 |a Drogadicción 
650 |a Problemas Sociales 
650 |a Programas Sociales 
650 |a Intervención Social 
650 |a Participación Social 
650 |a Salud Pública 
650 |a Enfermería 
650 |a Cambios Sociales y Culturales 
650 |a Municipios -  |x Aspectos Sociales y Culturales 
650 |a Desarrollo Comunitario -  |x Tema Principal 
650 |a Desarrollo Económico-Social 
650 |a Política Municipal 
650 |a Política Social 
910 |a Fondo General 
920 |a Impresos - Libros 
930 |a Colección General 
905 |a 101 
901 |a 0500121447  |b IT1  |c ACC  |u 20250521 
902 |a https://opac.biblio.iteso.mx/vufind/Record/000181745